Clinical microbiology made ridiculously simple / (Record no. 91086)
[ view plain ]
| 000 -LEADER | |
|---|---|
| fixed length control field | 00714nam a2200217 a 4500 |
| 001 - CONTROL NUMBER | |
| control field | 2099282 |
| 005 - DATE AND TIME OF LATEST TRANSACTION | |
| control field | 20170221112536.0 |
| 008 - FIXED-LENGTH DATA ELEMENTS--GENERAL INFORMATION | |
| fixed length control field | 950303s1995 flua bf 001 0 eng d |
| 020 ## - INTERNATIONAL STANDARD BOOK NUMBER | |
| International Standard Book Number | 9789351523987 |
| 040 ## - CATALOGING SOURCE | |
| Transcribing agency | PK-LaUMT |
| 082 00 - DEWEY DECIMAL CLASSIFICATION NUMBER | |
| Classification number | 616.01 |
| Edition number | 20 |
| Item number | GLA-C |
| 100 1# - MAIN ENTRY--PERSONAL NAME | |
| Personal name | Gladwin, Mark |
| 245 10 - TITLE STATEMENT | |
| Title | Clinical microbiology made ridiculously simple / |
| Statement of responsibility, etc | Mark Gladwin, William Trattler and C. Scott Mahan |
| 260 ## - PUBLICATION, DISTRIBUTION, ETC. (IMPRINT) | |
| Place of publication, distribution, etc | New Delhi : |
| Name of publisher, distributor, etc | Jaypee Brothers Medical Publishers, |
| Date of publication, distribution, etc | 2004 |
| 300 ## - PHYSICAL DESCRIPTION | |
| Extent | 403 p. : |
| Other physical details | ill. ; |
| Dimensions | 28 cm. |
| 650 #0 - SUBJECT ADDED ENTRY--TOPICAL TERM | |
| Topical term or geographic name as entry element | Diagnostic microbiology |
| General subdivision | Handbooks, manuals, etc. |
| 650 #0 - SUBJECT ADDED ENTRY--TOPICAL TERM | |
| Topical term or geographic name as entry element | Medical microbiology |
| General subdivision | Handbooks, manuals, etc. |
| 650 #2 - SUBJECT ADDED ENTRY--TOPICAL TERM | |
| Topical term or geographic name as entry element | Microbiology. |
| 700 1# - ADDED ENTRY--PERSONAL NAME | |
| Personal name | Trattler, Bill. |
| 942 ## - ADDED ENTRY ELEMENTS (KOHA) | |
| Koha item type | Books |
| Withdrawn status | Lost status | Damaged status | Home library | Current library | Date acquired | Full call number | Barcode | Date last seen | Price effective from | Koha item type | Copy number |
|---|---|---|---|---|---|---|---|---|---|---|---|
| UMT Main Campus | UMT Main Campus | 2017-02-21 | 616.01 GLA-C | 105561 | 2017-02-21 | 2017-02-21 | Books | ||||
| UMT Main Campus | UMT Main Campus | 2017-02-21 | 616.01 GLA-C | 105562 | 2017-02-21 | 2017-02-21 | Books | C. 2 |
